<?xml version="1.0" encoding="UTF-8"?>
<record
    xmlns:xsi="http://www.w3.org/2001/XMLSchema-instance"
    xsi:schemaLocation="http://www.loc.gov/MARC21/slim http://www.loc.gov/standards/marcxml/schema/MARC21slim.xsd"
    xmlns="http://www.loc.gov/MARC21/slim">

  <leader>01477    a2200301   4500</leader>
  <controlfield tag="003">CBULib</controlfield>
  <controlfield tag="005">20231219140214.0</controlfield>
  <controlfield tag="008">231116b        |||||||| |||| 00| 0 eng d</controlfield>
  <datafield tag="020" ind1=" " ind2=" ">
    <subfield code="a">9780323613651</subfield>
  </datafield>
  <datafield tag="040" ind1=" " ind2=" ">
    <subfield code="b">English</subfield>
    <subfield code="c">CBULib</subfield>
    <subfield code="e">rda</subfield>
  </datafield>
  <datafield tag="050" ind1=" " ind2=" ">
    <subfield code="a">R 728.8 Nie</subfield>
  </datafield>
  <datafield tag="100" ind1="1" ind2=" ">
    <subfield code="a">Niedzwiecki, Brigitte</subfield>
    <subfield code="9">1044</subfield>
  </datafield>
  <datafield tag="245" ind1=" " ind2=" ">
    <subfield code="a">Kinn's the administrative medical assistant : an applied learning approach</subfield>
    <subfield code="c">/ by Brigitte Niedzwiecki, Julie Pepper, and P. Ann Weaver </subfield>
  </datafield>
  <datafield tag="250" ind1=" " ind2=" ">
    <subfield code="a">Fourteenth edition.</subfield>
  </datafield>
  <datafield tag="260" ind1=" " ind2=" ">
    <subfield code="b">Elsevier, </subfield>
    <subfield code="c">2020.</subfield>
    <subfield code="a">St. Louis, Missouri :</subfield>
  </datafield>
  <datafield tag="300" ind1=" " ind2=" ">
    <subfield code="a"> xvi, 545 pages : color illustrations</subfield>
  </datafield>
  <datafield tag="336" ind1=" " ind2=" ">
    <subfield code="2">rdacontent</subfield>
    <subfield code="a">Text |</subfield>
    <subfield code="b">txt</subfield>
  </datafield>
  <datafield tag="337" ind1=" " ind2=" ">
    <subfield code="2">rdamedia</subfield>
    <subfield code="a">Unmediated |</subfield>
    <subfield code="b">n</subfield>
  </datafield>
  <datafield tag="338" ind1=" " ind2=" ">
    <subfield code="2">rdacarrier</subfield>
    <subfield code="a">Volume</subfield>
    <subfield code="b">nc</subfield>
  </datafield>
  <datafield tag="500" ind1=" " ind2=" ">
    <subfield code="a">Teaches real-world administrative skills essential for a career in the modern medical office, with a focus on application through unfolding case scenarios, critical thinking questions, procedure videos, and interactive exercises. The reorganized 14th edition includes expanded content on medical office accounts, collections, banking, practice management, and healthcare laws, as well as a new chapter reviewing medical terminology, anatomy, and pathology. -- Back cover
</subfield>
  </datafield>
  <datafield tag="504" ind1=" " ind2=" ">
    <subfield code="a">Includes index.</subfield>
  </datafield>
  <datafield tag="650" ind1=" " ind2="0">
    <subfield code="9">1045</subfield>
    <subfield code="a">HEALTH SERVICES ADMINISTRATION</subfield>
  </datafield>
  <datafield tag="650" ind1=" " ind2="0">
    <subfield code="9">1046</subfield>
    <subfield code="a">MEDICAL ASSISTANTS</subfield>
  </datafield>
  <datafield tag="650" ind1=" " ind2="0">
    <subfield code="9">1047</subfield>
    <subfield code="a">MEDICAL OFFICES--MANAGEMENT</subfield>
  </datafield>
  <datafield tag="700" ind1="1" ind2=" ">
    <subfield code="9">1048</subfield>
    <subfield code="a">Pepper, Julie</subfield>
  </datafield>
  <datafield tag="700" ind1="1" ind2=" ">
    <subfield code="9">1049</subfield>
    <subfield code="a">Weaver, P. Ann</subfield>
  </datafield>
  <datafield tag="942" ind1=" " ind2=" ">
    <subfield code="2">lcc</subfield>
    <subfield code="c">002</subfield>
  </datafield>
  <datafield tag="999" ind1=" " ind2=" ">
    <subfield code="c">83517</subfield>
    <subfield code="d">83517</subfield>
  </datafield>
  <datafield tag="952" ind1=" " ind2=" ">
    <subfield code="0">0</subfield>
    <subfield code="1">0</subfield>
    <subfield code="2">lcc</subfield>
    <subfield code="4">0</subfield>
    <subfield code="7">0</subfield>
    <subfield code="8">MCS</subfield>
    <subfield code="a">008</subfield>
    <subfield code="b">008</subfield>
    <subfield code="c">GEN</subfield>
    <subfield code="d">2023-11-16</subfield>
    <subfield code="e">Book Aid International</subfield>
    <subfield code="g">119.51</subfield>
    <subfield code="o">R 728.8 Nie</subfield>
    <subfield code="p">905415</subfield>
    <subfield code="r">2023-11-16</subfield>
    <subfield code="t">1</subfield>
    <subfield code="w">2023-11-16</subfield>
    <subfield code="y">002</subfield>
  </datafield>
  <datafield tag="952" ind1=" " ind2=" ">
    <subfield code="0">0</subfield>
    <subfield code="1">0</subfield>
    <subfield code="2">lcc</subfield>
    <subfield code="4">0</subfield>
    <subfield code="7">0</subfield>
    <subfield code="8">MCS</subfield>
    <subfield code="a">008</subfield>
    <subfield code="b">001</subfield>
    <subfield code="c">GEN</subfield>
    <subfield code="d">2023-12-19</subfield>
    <subfield code="e">Book Aid International</subfield>
    <subfield code="g">119.51</subfield>
    <subfield code="l">0</subfield>
    <subfield code="o">R 728.8 Nie</subfield>
    <subfield code="p">905570</subfield>
    <subfield code="r">2023-12-19</subfield>
    <subfield code="t">2</subfield>
    <subfield code="w">2023-12-19</subfield>
    <subfield code="y">002</subfield>
  </datafield>
  <datafield tag="952" ind1=" " ind2=" ">
    <subfield code="0">0</subfield>
    <subfield code="1">0</subfield>
    <subfield code="2">lcc</subfield>
    <subfield code="4">0</subfield>
    <subfield code="7">0</subfield>
    <subfield code="8">SOM</subfield>
    <subfield code="a">002</subfield>
    <subfield code="b">001</subfield>
    <subfield code="c">GEN</subfield>
    <subfield code="d">2023-12-19</subfield>
    <subfield code="e">Book Aid International</subfield>
    <subfield code="g">119.51</subfield>
    <subfield code="l">0</subfield>
    <subfield code="o">R 728.8 Nie</subfield>
    <subfield code="p">905571</subfield>
    <subfield code="r">2023-12-19</subfield>
    <subfield code="t">3</subfield>
    <subfield code="w">2023-12-19</subfield>
    <subfield code="y">002</subfield>
  </datafield>
</record>
